A carregar...
ഹെര്ബേറിയം
| Autor principal: | |
|---|---|
| Formato: | Printed Book |
| Publicado em: |
Kottayam
D C Books
2016
|
| Assuntos: |
| LEADER | 00585nam a22001937a 4500 | ||
|---|---|---|---|
| 003 | OSt | ||
| 020 | |a 9788126474165 | ||
| 082 | |a 813.1 |b SON/HE | ||
| 100 | |a Sonia Rafeek | ||
| 245 | |a ഹെര്ബേറിയം | ||
| 260 | |a Kottayam |b D C Books |c 2016 | ||
| 300 | |a 231p | ||
| 500 | |a Herbarium | ||
| 546 | |a Malayalam | ||
| 650 | |a Literature | ||
| 650 | |a Novel | ||
| 942 | |2 ddc |c BK | ||
| 999 | |c 156317 |d 156317 | ||
| 952 | |0 0 |1 0 |2 ddc |4 0 |6 813_100000000000000_SONHE |7 0 |8 Gen |9 155449 |a KAUCLV |b KAUCLV |c GENERAL |d 2017-07-12 |g 210.00 |l 2 |m 1 |o 813.1 SON/HE |p 225674 |r 2019-08-02 |s 2019-05-29 |w 2017-07-12 |y BK | ||